00550nam a22001337a 4500008004100000020001500041040005500056080002400111245019400135260003700329300001500366650001200381700002300393230502b |||||||| |||| 00| 0 eng d a0080326188 aNational Science LibrarycNational Science Library a535.377(082.2) bM5 aTheory and practice of thermally stimulated luminescence and related phenomena: c/ Proceedings of the national symposium, 8-10 February 1984, Physical Research Laboratory, Ahmedabad, India aOxford: bPergamon Press, c1985 axii, 289p. aScience aNambi, K S V (Ed.)